La filosofía en la Argentina

Uloženo v:
Podrobná bibliografie
Hlavní autor: Torchia Estrada, Juan Carlos
Médium: Kniha
Jazyk:Undetermined
Vydáno: Washington, Estados Unidos Unión Panamericana 1961
Témata:
Tagy: Přidat tag
Žádné tagy, Buďte první, kdo vytvoří štítek k tomuto záznamu!

MARC

LEADER 00000nam a2200000Ia 4500
008 170316s9999 xx 000 0 und d
090 |a 100 T-11f 
100 |a Torchia Estrada, Juan Carlos 
245 |a La filosofía en la Argentina 
260 |a Washington, Estados Unidos 
260 |b Unión Panamericana 
260 |c 1961 
300 |a 305 páginas 
650 |a FILOSOFÍA 
999 |c 17736  |d 17736 
040 |a cru BVZT 
942 |c 15 D  |h 100 T-11f  |2 z